| 000 | 01059cam a2200325 i 4500 | ||
|---|---|---|---|
| 001 | 2299306 | ||
| 003 | OSt | ||
| 005 | 20230620110125.0 | ||
| 008 | 800922s1980 dcu b 000 0 eng | ||
| 010 | _a 80024291 | ||
| 020 | _a0844734004 | ||
| 020 | _a0844733997 (pbk.) | ||
| 040 |
_aDLC _cDLC _dDLC |
||
| 043 | _an-us--- | ||
| 050 | 0 | 0 |
_aJK21 _b.H78 |
| 082 | 0 | 0 |
_a320.5 _bGOL |
| 245 | 0 | 0 |
_aHow democratic is the Constitution? / _cRobert A. Goldwin and William A. Schambra, editors. |
| 260 |
_aWashington, D.C. : _bAmerican Enterprise Institute for Public Policy Research, _cc1980. |
||
| 300 |
_a150 p. ; _c23 cm. |
||
| 490 | 1 | _aAEI studies ; 294 | |
| 504 | _aIncludes bibliographical references. | ||
| 650 | 0 |
_aRepresentative government and representation _zUnited States. |
|
| 650 | 0 |
_aConstitutional history _zUnited States. |
|
| 650 | 0 | _aDemocracy. | |
| 700 | 1 |
_aGoldwin, Robert A., _d1922-2010. |
|
| 700 | 1 | _aSchambra, William A. | |
| 830 | 0 |
_aAEI studies ; _v294. |
|
| 906 |
_a7 _bcbc _corignew _du _eocip _f19 _gy-gencatlg |
||
| 942 |
_2ddc _cBK |
||
| 999 |
_c1609 _d1609 |
||